〇〇市駅 - Statistics

General Stats
  • This quiz has been taken 460 times
  • The average score is 23 of 40
Answer Stats
都道府県 Answer % Correct
和歌山県 和歌山市
78%
大阪府 高槻市
77%
島根県 出雲市
77%
山梨県 山梨市
75%
大阪府 茨木市
74%
愛媛県 松山市
74%
埼玉県 川越市
72%
大阪府 枚方市
69%
三重県 伊勢市
68%
大阪府 寝屋川市
66%
埼玉県 和光市
64%
宮崎県 日向市
64%
茨城県 龍ケ崎市
63%
栃木県 佐野市
63%
大阪府 堺市
63%
愛媛県 伊予市
63%
栃木県 足利市
61%
岡山県 倉敷市
60%
愛知県 豊田市
59%
島根県 大田市
59%
大阪府 門真市
58%
山口県 長門市
58%
埼玉県 狭山市
57%
山梨県 都留市
57%
大阪府 守口市
57%
大阪府 摂津市
56%
埼玉県 入間市
53%
三重県 鈴鹿市
51%
大阪府 大阪狭山市
50%
千葉県 野田市
49%
三重県 熊野市
49%
岐阜県 土岐市
48%
埼玉県 行田市
47%
東京都 東大和市
46%
大阪府 交野市
45%
長野県 伊那市
44%
愛知県 瀬戸市
44%
岐阜県 美濃市
43%
兵庫県 西脇市
41%
愛知県 刈谷市
36%
No matching quizzes found
Score Distribution
Percent of People with Each Score
Percentile by Number Answered
Your Score History
You have not taken this quiz